Breviarium romanum, ex decreto Sacrosancti Concilii Tridentini restitutum, S. Pii V Pont. Max. jussu editum, Clementis VIII primùm, nunc denuò Urbani PP. VIII auctoritate recognitum, & novis officiis ex indulto apostolico hunc usque concessis auctum, in quo omnia suis locis ad longum posita sunt pro majori recitantium commoditate

Detalles Bibliográficos
Autor Corporativo: Concilio de Trento : 1545-1563
Otros Autores: Pío V, papa, santo, 1504-1572, Clemente VIII, papa, 1536-1605, Urbano VIII, papa, 1568-1644, Gregorio XIII, papa, 1502-1585
Formato: Libro
Lenguaje:Latin
Publicado: Antuerpiae : ex Architypographia Plantiniana, 1763.
Materias:
Colección:Banco de datos
Acervo:Seminario Conciliar de Nuestra Señora de Guadalupe Querétaro. Qro.. Biblioteca Florencio Rosas. Fondo Reservado
Descripción Física:4 t. : il. ; 8°
Tema general:Liturgia
Notas:Portada tipográfica a dos tintas con grabado central calcográfico. Texto a dos tintas y a dos columnas con paginación en números arábigos y romanos, cornisas, titulillos, signaturas y reclamos. Tomo con portada y paginación propias. Cada parte del tomo con paginación propia. La tercera parte con portada propia y fecha de 1761. El t. 2 publicado en 1763. Paginación: t. 2 [18] h., 648, CCXL, 96 p. Incluye ilustraciones insertas en el texto en grabado calcográfico. Incluye letras capitulares y viñetas finales historiadas y con motivos florales en grabado xilográfico. Encuadernación en piel sobre cartón. Ex libris manuscrito en el verso de la portada: (ilegible). Anotación manuscrita en la portada
LEADER 02328nam a22002290004500
035 |a 2703 
041 0 |a lat 
245 1 0 |a Breviarium romanum, ex decreto Sacrosancti Concilii Tridentini restitutum, S. Pii V Pont. Max. jussu editum, Clementis VIII primùm, nunc denuò Urbani PP. VIII auctoritate recognitum, & novis officiis ex indulto apostolico hunc usque concessis auctum, in quo omnia suis locis ad longum posita sunt pro majori recitantium commoditate 
260 |a Antuerpiae : ex Architypographia Plantiniana, 1763.  
300 |a 4 t. : il. ; 8° 
500 |a Portada tipográfica a dos tintas con grabado central calcográfico. Texto a dos tintas y a dos columnas con paginación en números arábigos y romanos, cornisas, titulillos, signaturas y reclamos. Tomo con portada y paginación propias. Cada parte del tomo con paginación propia. La tercera parte con portada propia y fecha de 1761. El t. 2 publicado en 1763. Paginación: t. 2 [18] h., 648, CCXL, 96 p. Incluye ilustraciones insertas en el texto en grabado calcográfico. Incluye letras capitulares y viñetas finales historiadas y con motivos florales en grabado xilográfico. Encuadernación en piel sobre cartón. Ex libris manuscrito en el verso de la portada: (ilegible). Anotación manuscrita en la portada  
505 0 0 |a t. 2 Tabula Paschalis antiqua reformata. Tabula Paschalis nova reformata. Tabella temporaria festorum mobilium. Duae tabellae ex superioribus rubricis excerptae. Oratio. Absolutiones et benedictiones, h. 2-18.-- Pars verna. Psalterium, p. 1-480.-- Proprium sanctorum pars verna, p. 481-648.-- Commune sanctorum pars verna, I-CCXL.-- Proprium sanctorum hispanorum, qui generaliter in Hispania celebrantur, ad formam officii novi redactum, ex apostolica concessione, & auctoritate S. Pii V, Gregorii XIII, Sixti V, Clementis VIII summorum pontifium, pars verna, p. 1-96 
650 1 0 |a Liturgia 
700 1 |a Pío V, papa, santo, 1504-1572 
700 1 |a Clemente VIII, papa, 1536-1605 
700 1 |a Urbano VIII, papa, 1568-1644 
700 1 |a Gregorio XIII, papa, 1502-1585 
710 1 |a Concilio de Trento : 1545-1563 
949 |a Fondo Reservado: t. 2 (6086) 
942 |c QUER-RES 
943 |g Seminario Conciliar de Nuestra Señora de Guadalupe Querétaro. Qro.. Biblioteca Florencio Rosas. Fondo Reservado 
999 |c 1110367  |d 1110367